Democracia y desconfianza : una teoría del control constitucional /
Αποθηκεύτηκε σε:
| Κύριος συγγραφέας: | |
|---|---|
| Μορφή: | Βιβλίο |
| Γλώσσα: | Ισπανικά |
| Έκδοση: |
Bogotá, Colombia :
Siglo del Hombre : Universidad de los Andes, Facultad de Derecho,
1997, c1997
|
| Σειρά: | (Nuevo Pensamiento Jurídico)
|
| Θέματα: | |
| Ετικέτες: |
Δεν υπάρχουν, Καταχωρήστε ετικέτα πρώτοι!
|
MARC
| LEADER | 00000nam^a2200000^a^4500 | ||
|---|---|---|---|
| 001 | 000142062 | ||
| 005 | 20250521000000.0 | ||
| 005 | 20250521000000.0 | ||
| 009 | 20260310095636.002 | ||
| 020 | |a 958-665-008-1 | ||
| 037 | |a Acervo ITESO - Biblioteca | ||
| 041 | |a ESP | ||
| 082 | |a 342. 73 |b ELY | ||
| 100 | |a Ely, John Hart |e (autor) | ||
| 245 | 1 | 0 | |a Democracia y desconfianza : |b una teoría del control constitucional / |c J.H. Ely ; tr. por Magdalena Holguín. |
| 264 | 4 | |a Bogotá, Colombia : |b Siglo del Hombre : |b Universidad de los Andes, Facultad de Derecho, |c 1997, c1997 | |
| 300 | |a 291 p. | ||
| 336 | |a texto |b txt |2 rdacontenido | ||
| 337 | |a sin mediación |b n |2 rdamedio | ||
| 338 | |a volumen |b nc |2 rdasoporte | ||
| 440 | 1 | |a (Nuevo Pensamiento Jurídico) | |
| 500 | |a Traducción de: Democracy and Distrust. A Theory of Judicial Review | ||
| 649 | |a XX | ||
| 650 | |a Valores | ||
| 650 | |a Poder Legislativo | ||
| 650 | |a Amparo - |z EUA | ||
| 650 | |a Derecho Procesal Civil | ||
| 650 | |a Recurso de Inconstitucionalidad - |z EUA | ||
| 650 | |a Tribunales - |z EUA | ||
| 650 | |a Justicia - |x Administración | ||
| 650 | |a Poder Judicial | ||
| 650 | |a Poder Ejecutivo | ||
| 650 | |a Jueces Norteamericanos - |x Condiciones Jurídicas | ||
| 650 | |a Separación de Poderes | ||
| 650 | |a Acciones y Defensas | ||
| 650 | |a Confianza | ||
| 650 | |a Democracia | ||
| 650 | |a Axiología | ||
| 650 | |a Derecho Constitucional - |z EUA | ||
| 650 | |a Derecho - |x Filosofía | ||
| 650 | |a Funcionarios Públicos - |z EUA - |x Condiciones Jurídicas | ||
| 910 | |a Fondo General | ||
| 920 | |a Impresos - Libros | ||
| 930 | |a Colección General | ||
| 905 | |a 101 | ||
| 901 | |a 0500070739 |b IT1 |c ACC |u 20250521 | ||
| 902 | |a https://opac.biblio.iteso.mx/vufind/Record/000142062 | ||